Doja Cat Discography - Statistics

General Stats
  • This quiz has been taken 21 times
  • The average score is 42 of 93
Answer Stats
Album Song Featured artist % Correct
Planet Her Kiss Me More SZA
89%
Scarlet Paint the Town Red
89%
Hot Pink Say So
89%
Planet Her Woman
89%
Amala (Deluxe) Juicy
83%
Hot Pink Streets
83%
Amala (Deluxe) MOOO!
78%
Scarlet Agora Hills
72%
Scarlet Demons
72%
Hot Pink Like That Gucci Mane
72%
Hot Pink Rules
72%
Planet Her You Right The Weeknd
72%
Planet Her Ain't Sh*t
67%
Planet Her Been Like This
67%
Amala Candy
67%
Planet Her Get Into It (Yuh)
67%
Vie Jealous Type
67%
Planet Her Need to Know
67%
Amala (Deluxe) Tia Tamera Rico Nasty
67%
Amala Wine Pon You Konshens
67%
Vie AAAHH MEN!
61%
Hot Pink Cyber S*x
61%
Planet Her I Don't Do Drugs Ariana Grande
61%
Planet Her Naked
61%
Scarlet Wet V*gina
61%
Hot Pink Bottom B*tch
56%
Vie Couples Therapy
56%
Planet Her Payday Young Thug
56%
Purrr! So High
56%
Scarlet Attention
50%
Single Boss B*tch
50%
Vie Cards
50%
Vie Happy
50%
Planet Her Options JID
50%
Vie Take Me Dancing SZA
50%
Hot Pink Won't Bite Smino
50%
Hot Pink Addiction
44%
Vie Come Back
44%
Vie Gorgeous
44%
Scarlet Gun
44%
Planet Her Imagine
44%
Vie Lipstain
44%
Scarlet Ouchies
44%
Vie Stranger
44%
Scarlet WYM Freestyle
44%
Vie Acts of Service
39%
Vie All Mine
39%
Planet Her Alone
39%
Hot Pink Better Than Me
39%
Single Freak
39%
Scarlet 2 CLAUDE HEADHIGH
39%
Vie One More Time
39%
Vie Silly! Fun!
39%
Planet Her (Deluxe) Up and Down
39%
Scarlet 2 CLAUDE URRRGE!!!!!!!!!! A$AP Rocky
39%
Single Vegas
39%
Scarlet 97
33%
Scarlet Balut
33%
Amala Body Language
33%
Scarlet Can't Wait
33%
Amala Cookie Jar
33%
Scarlet 2 CLAUDE DISRESPECTFUL
33%
Amala Fancy
33%
Scarlet Love Life
33%
Planet Her Love to Dream
33%
Vie Make It Up
33%
Scarlet 2 CLAUDE OKLOSER
33%
Scarlet 2 CLAUDE PISS Teezo Touchdown
33%
Hot Pink Shine
33%
Scarlet Shutcho
33%
Scarlet Skull and Bones
33%
Hot Pink Talk Dirty
33%
Amala Wild Beach
33%
Amala Casual
28%
Scarlet F*ck the Girls (FTG)
28%
Scarlet Go Off
28%
Amala Go to Town
28%
Purrr! No Police
28%
Scarlet Often
28%
Planet Her (Deluxe) Ride
28%
Scarlet 2 CLAUDE ACKNOWLEDGE ME
22%
Amala All Nighter
22%
Purrr! Beautiful
22%
Purrr! Control
22%
Scarlet 2 CLAUDE MASC
22%
Purrr! Nunchucks
22%
Planet Her (Deluxe) Tonight Eve
22%
Planet Her (Deluxe) Why Why Gunna
22%
Amala Down Low
17%
Amala Game
17%
Amala Morning Light
17%
Amala Roll With Us
17%
Single Celebrity Skin
11%
No matching quizzes found
Score Distribution
Percent of People with Each Score
Percentile by Number Answered
Your Score History
You have not taken this quiz